000 00527nam a2200181Ia 4500
008 090123s9999 xx 000 0 und d
082 _b3676
100 _aफडके कमला
245 _aहृदयाची हाक
250 _a0
260 _bकिर्लोस्कर प्रेस
_c1974
300 _a141
600 _aफडके कमला
630 _aहृदयाची हाक
700 _aफडके कमला
730 _aहृदयाची हाक
942 _cBOOK
999 _c41755
_d41755